000 00439nam a2200193Ia 4500
008 240510s9999 xx 000 0 und d
020 _a0001565299922
041 _aEng
082 _a005.756
082 _bS41
100 _aJACOBSEN NANCY
245 0 _aUSING FOXPRO 2.6 FOR WINDOWS
260 _bINDIANAPOLIS :QUE
260 _c1994
300 _a1240 p.
650 _aDATABASE SYSTEMS : FOXPRO
942 _2ddc
942 _cLBK
999 _c26505
_d26505
945 _a1
_bMadushi Gamage
_c1
_dMadushi Gamage